Tourism and intangible cultural heritage

Αποθηκεύτηκε σε:
Λεπτομέρειες βιβλιογραφικής εγγραφής
Συγγραφή απο Οργανισμό/Αρχή: World Tourism Organization
Μορφή: Βιβλίο
Γλώσσα:English
Δημοσίευση: Madrid : World Tourism Organization, c2012
Θέματα:
Ετικέτες: Προσθήκη ετικέτας
Δεν υπάρχουν, Καταχωρήστε ετικέτα πρώτοι!

MARC

LEADER 00000cam a2200000 i 4500
001 1/29601
008 130516s2012 eng d
020 |a 978-92-844-1382-9 (pbk.) 
035 |l 10114408 
040 |a GR-MY-UA  |b gre  |e aacr 
041 0 |a eng 
082 0 |a 338.4791  |2 (22) 
110 2 |a World Tourism Organization. 
245 1 0 |a Tourism and intangible cultural heritage /  |c World Tourism Organization 
260 |a Madrid :   |b World Tourism Organization,   |c c2012 
300 |a ix, 120 σ.;  |b πίν.;  |c 29 εκ. 
504 |a Βιβλιογραφία: σ.117-120 
650 0 0 |a Tourism. 
650 0 0 |a Heritage tourism. 
852 |a INST  |b CHIOS  |e 20130516  |h 338.4791 WOR  |p 005200035449  |q 005200035449  |t BK  |y 0 
901 |a BIBL2-2013-2 
909 |a Χ  |b 175458 
970 |a ΣΠΕΝΤΖΑ  |b ΕΛΕΝΗ  |z 2013/05/16